Aktuálne otázky spravodlivosti zdanenia v oblasti priamych daní diplomová práca

Salvato in:
Dettagli Bibliografici
Autore principale: Sedláková, Emília
Ente Autore: Národohospodárska fakulta EU. Katedra financií
Altri autori: Zubaľová, Alena, 1959-
Natura: Libro
Lingua:slovacco
Pubblicazione: Bratislava 2017
Tags: Aggiungi Tag
Nessun Tag, puoi essere il primo ad aggiungerne!!

MARC

LEADER 00000nbm a2200000 4500
001 0231824
005 20171127150607.9
041 0 |a slo 
044 |a SK 
245 1 0 |a Aktuálne otázky spravodlivosti zdanenia v oblasti priamych daní  |b diplomová práca  |c Emília Sedláková ; školiteľ: Alena Zubaľová 
264 1 |a Bratislava  |c 2017 
300 |a 49 s. 
100 1 |a Sedláková, Emília 
700 1 |a Zubaľová, Alena, 1959- 
710 2 |a Národohospodárska fakulta EU. Katedra financií